El cuerpo transformado : (Record no. 103565)

MARC details
000 -LEADER
campo de control de longitud fija 01555cam a2200421Ka 4500
001 - NÚMERO DE CONTROL
campo de control 95380
005 - FECHA Y HORA DE LA ÚLTIMA TRANSACCIÓN
campo de control 20230410143536.0
008 - DATOS DE LONGITUD FIJA--INFORMACIÓN GENERAL
campo de control de longitud fija 020411s2001 mx b 001 0dspa d
035 ## - NÚMERO DE CONTROL DEL SISTEMA
Número de control de sistema (OCoLC)ocm49562593
040 ## - FUENTE DE CATALOGACIÓN
Centro catalogador/agencia de origen UBP
Lengua de catalogación spa
Centro/agencia transcriptor UBP
Centro/agencia modificador OCLCQ
-- BAKER
-- BTCTA
-- YDXCP
020 ## - NÚMERO INTERNACIONAL ESTÁNDAR DEL LIBRO
Número Internacional Estándar del Libro 9688534668
020 ## - NÚMERO INTERNACIONAL ESTÁNDAR DEL LIBRO
Número Internacional Estándar del Libro 9789688534663
035 ## - NÚMERO DE CONTROL DEL SISTEMA
Número de control de sistema (OCoLC)49562593
043 ## - CÓDIGO DE ÁREA GEOGRÁFICA
Código de área geográfica n-mx---
050 14 - SIGNATURA TOPOGRÁFICA DE LA BIBLIOTECA DEL CONGRESO
Número de clasificación T 24
Número de ítem Y43c 2001
049 ## - FONDOS LOCALES (OCLC)
Biblioteca depositaria GRAL
100 1# - ENTRADA PRINCIPAL--NOMBRE DE PERSONA
Nombre de persona Yehya, Naief,
Fechas asociadas al nombre 1963-
245 13 - MENCIÓN DEL TÍTULO
Título El cuerpo transformado :
Resto del título cyborgs y nuestra descendencia tencológica en la realidad y en la ciencia ficción /
Mención de responsabilidad, etc. Naief Yehya.
246 30 - FORMA VARIANTE DEL TITULO
Título propio/Titulo breve Cyborgs y nuestra descendencia tencológica en la realidad y en la ciencia ficción
260 ## - PUBLICACIÓN, DISTRIBUCIÓN, ETC.
Lugar de publicación, distribución, etc. México :
Nombre del editor, distribuidor, etc. Editorial Paidós Mexicana,
Fecha de publicación, distribución, etc. 2001.
300 ## - DESCRIPCIÓN FÍSICA
Extensión 229 p. ;
Dimensiones 21 cm.
440 #0 - MENCIÓN DE SERIE/PUNTO DE ACCESO ADICIONAL--TÍTULO
Título Paidós Amateurs;
Designación de volumen o secuencia 3.
504 ## - NOTA DE BIBLIOGRAFÍA, ETC.
Nota de bibliografía, etc. Includes bibliographical references (p. [223]-229) and index
650 #4 - PUNTO DE ACCESO ADICIONAL DE MATERIA--TÉRMINO DE MATERIA
Término de materia o nombre geográfico como elemento de entrada Cyborgs.
650 #0 - PUNTO DE ACCESO ADICIONAL DE MATERIA--TÉRMINO DE MATERIA
Término de materia o nombre geográfico como elemento de entrada Technology
Subdivisión general Social aspects
Subdivisión geográfica Mexico
Subdivisión general History
Subdivisión cronológica 20th century.
650 #0 - PUNTO DE ACCESO ADICIONAL DE MATERIA--TÉRMINO DE MATERIA
Término de materia o nombre geográfico como elemento de entrada Popular culture
Subdivisión geográfica Mexico
Subdivisión general History
Subdivisión cronológica 20th century
650 #0 - PUNTO DE ACCESO ADICIONAL DE MATERIA--TÉRMINO DE MATERIA
Término de materia o nombre geográfico como elemento de entrada Cibernética
650 #0 - PUNTO DE ACCESO ADICIONAL DE MATERIA--TÉRMINO DE MATERIA
Término de materia o nombre geográfico como elemento de entrada Tecnología
Subdivisión general Aspectos Social
Subdivisión geográfica Mexico
Subdivisión general Historia
Subdivisión cronológica Siglo XX
650 #0 - PUNTO DE ACCESO ADICIONAL DE MATERIA--TÉRMINO DE MATERIA
Término de materia o nombre geográfico como elemento de entrada Cultura popular
Subdivisión geográfica Mexico
Subdivisión general Historia
Subdivisión cronológica Siglo XX
650 #4 - PUNTO DE ACCESO ADICIONAL DE MATERIA--TÉRMINO DE MATERIA
Término de materia o nombre geográfico como elemento de entrada CES
650 #4 - PUNTO DE ACCESO ADICIONAL DE MATERIA--TÉRMINO DE MATERIA
Término de materia o nombre geográfico como elemento de entrada Colección Enriquillo Sánchez
938 ## -
-- Baker and Taylor
-- BTCP
-- bl2001013321
938 ## -
-- YBP Library Services
-- YANK
-- 2693292
938 ## -
-- Baker & Taylor
-- BKTY
-- 23.95
-- 23.95
-- 9688534668
-- 0003798338
-- active
942 ## - ELEMENTOS DE ENTRADA SECUNDARIOS (KOHA)
Fuente del sistema de clasificación o colocación Clasificación de Library of Congress
Tipo de ítem Koha
994 ## -
-- C0
-- DRFGD
946 ## - PROCESAMIENTO DE INFORMACIÓN LOCAL (OCLC)
a lmm
Holdings
Estatus retirado Estado de pérdida Fuente del sistema de clasificación o colocación Estado de daño No para préstamo Colección Biblioteca de origen Biblioteca actual Ubicación en estantería Fecha de adquisición Signatura topográfica completa Código de barras Visto por última vez Copia número Tipo de ítem Koha
    Clasificación de Library of Congress     Colección de Tecnología Biblioteca Juan Bosch Biblioteca Juan Bosch Humanidades (4to. Piso) 10/04/2023 T 24 Y43c 2001 00000077424 21/01/2019 1